00000000nam##2200000za#4500
0019.579861
003CaOODSP
00520210624190750
007cr |||||||||||
008150406|2001||||xxc|||||o    f|0| 0 eng|d
022 |a1488-5387
040 |aCaOODSP|beng
043 |an-cn---
0861 |aFs97-4/2580E-PDF
1101 |aCanada. |bDepartment of Fisheries and Oceans.
24510|aResults of the chinook assessment study conducted on the Klinaklini River during 1999 / |h[electronic resource]|cby R.E. Diewert, J.C. Sturhahn, and D.A. Nagtegaal.
260 |aSt. John's - Newfoundland and Labrador : |bFisheries and Oceans Canada |c2001.
300 |a53p.
4901 |aCanadian manuscript report of fisheries and aquatic sciences|x1488-5387|vNo. 2580
500 |aOn t.p.: Pacific Biological Station, Nanaimo, British Columbia. The catalogue number and ISSN for the print edition appear in the PDF version
546 |a(Résumés en français)
590 |a14-13-Supp|b2014-06-23
7201 |aDiewert, R. E.
7201 |aNagtegaal, D. A.
7201 |aSturhahn, J. C.
830#0|aCanadian manuscript report of fisheries and aquatic sciences,|x1488-5387|vNo. 2580|w(CaOODSP)9.505211
85640|ahttp://publications.gc.ca|qPDF|s2657 KB|uhttps://publications.gc.ca/collections/collection_2014/mpo-dfo/Fs97-4-2580-eng.pdf|yNo. 2580